[Event "Paul Keres mem. (43rd)"]
[Site "Richmond CAN"]
[Date "2018.05.21"]
[Round "5.7"]
[White "Verdon, Norman"]
[Black "Pechisker, Alfred"]
[Result "1/2-1/2"]
[WhiteElo "2082"]
[BlackElo "2239"]
[PlyCount "160"]
[EventDate "2018.05.19"]
[EventType "swiss"]
[EventRounds "6"]
[EventCountry "CAN"]

1. e4 c5 2. Nf3 e6 3. d4 cxd4 4. Nxd4 Nf6 5. Bd3 Nc6 6. Be3 d6 7. Nc3 Be7 8. f4
Qc7 9. Qf3 O-O 10. O-O Nxd4 11. Bxd4 e5 12. Be3 exf4 13. Qxf4 Bd7 14. Bd4 Bc6
15. Qg3 Ne8 16. Rf5 g6 17. Raf1 Ng7 18. R5f2 Ne6 19. Be3 Qd8 20. Qg4 Bg5 21.
Bxg5 Qxg5 22. Qxg5 Nxg5 23. h4 Ne6 24. Bc4 Rae8 25. Rf6 Kg7 26. g3 Re7 27. R1f2
Nc5 28. Rxd6 Nxe4 29. Nxe4 Rxe4 30. Bd5 Rd4 31. c4 f5 32. Re2 Rf7 33. h5 Bxd5
34. hxg6 hxg6 35. cxd5 g5 36. Rd8 f4 37. gxf4 gxf4 38. Kf2 f3 39. Rc2 Rg4 40.
Kf1 Rh4 41. Rcc8 Rh1+ 42. Kf2 Rh2+ 43. Kf1 Kf6 44. d6 Ke6 45. Rc7 Rhh7 46. Rxf7
Rxf7 47. Kf2 a6 48. d7 Kd6 49. Rb8 Rxd7 50. Kxf3 Kc7 51. Re8 Kb6 52. Ke3 Rd1
53. Rc8 Ka5 54. Rc2 Kb4 55. Rc3 b5 56. Rb3+ Kc5 57. Ke2 Rd5 58. Rd3 Rh5 59. Kd1
a5 60. Kc2 b4 61. b3 Rh2+ 62. Kb1 Re2 63. Rd8 Re5 64. Rd2 Rd5 65. Rh2 Kd4 66.
Rd2+ Ke4 67. Rh2 Kd3 68. Rh3+ Kd2 69. Rh2+ Kc3 70. Rc2+ Kd3 71. Kb2 Re5 72. Rc8
Rd5 73. Rc7 Ke2 74. Re7+ Kd1 75. Rc7 Kd2 76. Rc2+ Ke3 77. Rc8 Rd2+ 78. Kb1 Rd1+
79. Kb2 Rd2+ 80. Kb1 Rd1+ 1/2-1/2

[Event "Paul Keres mem. (43rd)"]
[Site "Richmond CAN"]
[Date "2018.05.21"]
[Round "5.8"]
[White "Hui, Jeremy"]
[Black "Zhu, Brandon"]
[Result "1-0"]
[WhiteElo "2225"]
[BlackElo "2053"]
[PlyCount "143"]
[EventDate "2018.05.19"]
[EventType "swiss"]
[EventRounds "6"]
[EventCountry "CAN"]

1. e4 c5 2. Nf3 e6 3. d4 cxd4 4. Nxd4 Nc6 5. Nc3 d6 6. Be3 Nf6 7. Be2 Be7 8.
O-O O-O 9. f4 e5 10. Nb3 exf4 11. Rxf4 Ne8 12. Qd2 Bf6 13. Raf1 Be5 14. R4f2
Be6 15. Nd5 Nf6 16. Nxf6+ Bxf6 17. Rxf6 gxf6 18. Bh6 Re8 19. Qc3 Kh8 20. Rxf6
Ne5 21. Bg5 Rg8 22. Rg6 Qb6+ 23. Be3 Qc6 24. Rxg8+ Rxg8 25. Qxc6 bxc6 26. Nd4
Kg7 27. Nxe6+ fxe6 28. b4 a5 29. bxa5 c5 30. Bb5 Kf6 31. a6 Ra8 32. a4 Ng6 33.
Bd2 Ne7 34. Ba5 Nc8 35. Kf2 Ra7 36. Ke3 d5 37. Bd8+ Ke5 38. c3 dxe4 39. a5 Nd6
40. c4 Nf5+ 41. Kd2 Nd4 42. Bb6 Ra8 43. Bc7+ Kf6 44. Ke3 Nc2+ 45. Kxe4 Nb4 46.
Bb6 Nxa6 47. Bc6 Rg8 48. Bb7 Nb8 49. a6 Nxa6 50. Bxa6 Rg4+ 51. Kf3 Kf5 52. Bxc5
Rf4+ 53. Ke2 Ke4 54. Be3 Rh4 55. h3 Ke5 56. c5 Ra4 57. Bb7 Rb4 58. c6 Kd6 59.
Bc5+ Kxc5 60. c7 Rb2+ 61. Kd1 Rb1+ 62. Kc2 Rxb7 63. c8=Q+ Kb6 64. Qxe6+ Ka7 65.
g4 Rc7+ 66. Kd3 Kb7 67. g5 Rc6 68. Qd7+ Rc7 69. Qb5+ Kc8 70. Qe8+ Kb7 71. h4
Rc6 72. Qe4 1-0

[Event "Paul Keres mem. (43rd)"]
[Site "Richmond CAN"]
[Date "2018.05.21"]
[Round "5.9"]
[White "Zhou, Aiden"]
[Black "Kitsis, Stan"]
[Result "0-1"]
[WhiteElo "2030"]
[BlackElo "2197"]
[PlyCount "70"]
[EventDate "2018.05.19"]
[EventType "swiss"]
[EventRounds "6"]
[EventCountry "CAN"]

1. d4 g6 2. e4 Bg7 3. Nf3 d6 4. Nc3 c6 5. Be3 Nf6 6. Qd2 O-O 7. O-O-O b5 8. Bd3
Bg4 9. Ne2 a5 10. h3 Bxf3 11. gxf3 Nbd7 12. h4 h5 13. Rdg1 e5 14. Bh6 Qb6 15.
Ng3 Bh8 16. Bxf8 Nxf8 17. dxe5 dxe5 18. Nf5 Ne6 19. Qh6 Qa7 20. a4 Nf4 21. axb5
cxb5 22. Bxb5 Rc8 23. Kb1 Nh7 24. Ba4 Bf6 25. Bb3 Kh8 26. Rd1 gxf5 27. exf5 a4
28. Bd5 Qxf2 29. Be4 Qb6 30. Rd7 Rb8 31. b3 axb3 32. Rxf7 bxc2+ 33. Kxc2 Qb2+
34. Kd1 Rd8+ 35. Ke1 Qe2# 0-1

[Event "Paul Keres mem. (43rd)"]
[Site "Richmond CAN"]
[Date "2018.05.21"]
[Round "5.10"]
[White "Blaha, Jiri"]
[Black "Botez, Andrea"]
[Result "1-0"]
[WhiteElo "2189"]
[BlackElo "1880"]
[PlyCount "115"]
[EventDate "2018.05.19"]
[EventType "swiss"]
[EventRounds "6"]
[EventCountry "CAN"]

1. e4 g6 2. d4 d6 3. Nc3 Bg7 4. Be3 a6 5. f4 Nf6 6. Be2 h5 7. h3 h4 8. Bf3 c6
9. a4 a5 10. Nge2 Na6 11. O-O Nh5 12. Bf2 Bd7 13. Qe1 Nb4 14. Rc1 Bh6 15. Bxh5
gxh5 16. Bxh4 Qb6 17. Qf2 f6 18. Ng3 Bg7 19. Rce1 O-O-O 20. Kh2 Rdf8 21. f5 Be8
22. e5 Qc7 23. e6 Bh6 24. Re2 Bg5 25. Nh1 b5 26. Kg1 Rfg8 27. Ne4 Bxh4 28. Qxh4
bxa4 29. Qf2 Qb7 30. Rfe1 Rg7 31. Nc3 Rhg8 32. Qf3 Qa7 33. Qe3 Rxg2+ 34. Rxg2
Rxg2+ 35. Kxg2 Nxc2 36. Qf2 Nxe1+ 37. Qxe1 Qxd4 38. Qf2 Qb4 39. Qa7 Qxb2+ 40.
Nf2 Qb7 41. Qxa5 c5+ 42. Kg3 Qb4 43. Qa8+ Qb8 44. Qxb8+ Kxb8 45. Nd3 Kc7 46.
Nb2 a3 47. Nc4 a2 48. Nxa2 Bb5 49. Ne3 Be8 50. Nc3 Kd8 51. Kh4 Kc7 52. Ned5+
Kd8 53. Nf4 c4 54. Ncd5 Bc6 55. Kxh5 Bxd5 56. Nxd5 Ke8 57. Kg4 Kf8 58. Kf4 1-0

[Event "Paul Keres mem. (43rd)"]
[Site "Richmond CAN"]
[Date "2018.05.21"]
[Round "6.1"]
[White "Sohal, Tanraj"]
[Black "Orlov, Georgi"]
[Result "1/2-1/2"]
[WhiteElo "2364"]
[BlackElo "2526"]
[PlyCount "37"]
[EventDate "2018.05.19"]
[EventType "swiss"]
[EventRounds "6"]
[EventCountry "CAN"]

1. d4 d6 2. Nf3 g6 3. c4 f5 4. Nc3 Nf6 5. g3 Bg7 6. Bg2 O-O 7. O-O Na6 8. Rb1
c5 9. d5 Qe8 10. a3 h6 11. Qc2 Bd7 12. Bd2 Rc8 13. Nh4 Ng4 14. e4 f4 15. gxf4
g5 16. h3 Qh5 17. Nf5 Bxf5 18. exf5 Nf6 19. fxg5 1/2-1/2

[Event "Paul Keres mem. (43rd)"]
[Site "Richmond CAN"]
[Date "2018.05.21"]
[Round "6.3"]
[White "Findlay, Ian"]
[Black "Sali, Zulfikar"]
[Result "1/2-1/2"]
[WhiteElo "2314"]
[BlackElo "2264"]
[PlyCount "205"]
[EventDate "2018.05.19"]
[EventType "swiss"]
[EventRounds "6"]
[EventCountry "CAN"]

1. e4 c5 2. Nf3 d6 3. d4 cxd4 4. Nxd4 Nf6 5. Nc3 a6 6. Be2 e5 7. Nb3 Be7 8. O-O
O-O 9. Qd3 Qc7 10. Be3 Be6 11. Nd5 Bxd5 12. exd5 Nbd7 13. c4 b6 14. Nd2 Nc5 15.
Qc2 a5 16. b3 Rfc8 17. Rfc1 Bf8 18. a3 g6 19. Rab1 Bg7 20. Bf3 Qe7 21. b4 axb4
22. axb4 Ncd7 23. Qd3 Rab8 24. Bg5 h6 25. Bh4 Qf8 26. g4 Nh7 27. Be4 Bf6 28.
Bg3 Bg5 29. Rc2 Qe7 30. Ra1 Rc7 31. Nf3 Ndf6 32. h3 Kg7 33. Bxe5 dxe5 34. d6
Qd8 35. dxc7 Qxc7 36. c5 Rd8 37. Qe2 bxc5 38. bxc5 Bf4 39. Rb1 Nxe4 40. Qxe4
Nf6 41. Qb7 Rd1+ 42. Kg2 Qd8 43. c6 e4 44. Ng1 Rxb1 45. Qxb1 Bc7 46. Qb5 Qd1
47. Qe2 Qd6 48. Qd2 Qh2+ 49. Kf1 Qe5 50. Qc3 Qd5 51. Rc1 h5 52. gxh5 Qxh5 53.
Qd4 Qg5 54. Rc5 Qf4 55. Qe3 Qd6 56. Rc1 Qe5 57. Qc3 Qf4 58. Rc2 Qf5 59. Qd4
Qb5+ 60. Qc4 Qg5 61. Qc5 Qf4 62. Qd4 Qh2 63. Rc1 Be5 64. Qxe5 Qxe5 65. c7 e3
66. c8=Q Qf4 67. Rc2 Nd5 68. Qg4 exf2 69. Qxf4 fxg1=Q+ 70. Kxg1 Nxf4 71. Kh2
Kh6 72. Kg3 Ne6 73. Ra2 f5 74. Ra6 Ng5 75. Ra8 Ne6 76. Ra6 Ng7 77. Ra8 Nh5+ 78.
Kf3 Kg5 79. Rh8 Kh4 80. Rh6 Kg5 81. Rh8 Ng7 82. Rh7 Kf6 83. Rh8 Ne6 84. Ra8
Ng5+ 85. Kg3 Ne4+ 86. Kf3 Ng5+ 87. Kg3 Kg7 88. Ra7+ Kh6 89. Ra8 Ne6 90. Ra6 Nc5
91. Ra8 Kg5 92. Rh8 Ne4+ 93. Kf3 Nd2+ 94. Ke2 Nc4 95. Kf3 Ne5+ 96. Ke3 Nf7 97.
Rf8 Nd6 98. Rh8 f4+ 99. Kf3 Nf5 100. Rh7 Nd4+ 101. Ke4 Nf5 102. Kf3 Nd4+ 103.
Ke4 1/2-1/2

[Event "Paul Keres mem. (43rd)"]
[Site "Richmond CAN"]
[Date "2018.05.21"]
[Round "6.4"]
[White "MacKinnon, Keith"]
[Black "Hemstapat, Andrew"]
[Result "1/2-1/2"]
[WhiteElo "2282"]
[BlackElo "2242"]
[PlyCount "62"]
[EventDate "2018.05.19"]
[EventType "swiss"]
[EventRounds "6"]
[EventCountry "CAN"]

1. e4 e6 2. d4 d5 3. Nd2 c5 4. exd5 Qxd5 5. Ngf3 cxd4 6. Bc4 Qd6 7. Qe2 Nf6 8.
Nb3 Nc6 9. Bg5 a6 10. O-O-O b5 11. Bd3 Be7 12. Kb1 O-O 13. h4 Bb7 14. Nbxd4
Nxd4 15. Nxd4 Bd5 16. f3 Qc7 17. h5 Qa5 18. Nb3 Qc7 19. g4 b4 20. Qe3 a5 21. h6
g6 22. Rhe1 Rfd8 23. Bf4 Qc8 24. Nd4 Bc5 25. Bb5 Nd7 26. Bg5 Re8 27. Bxd7 Qxd7
28. Qe5 Bf8 29. Qf6 Qe7 30. Qe5 Qd6 31. Qf6 Qe7 1/2-1/2

[Event "Paul Keres mem. (43rd)"]
[Site "Richmond CAN"]
[Date "2018.05.21"]
[Round "6.6"]
[White "Schnabel, Bennett"]
[Black "Hui, Jeremy"]
[Result "1/2-1/2"]
[WhiteElo "2101"]
[BlackElo "2225"]
[PlyCount "39"]
[EventDate "2018.05.19"]
[EventType "swiss"]
[EventRounds "6"]
[EventCountry "CAN"]

1. e4 e6 2. b3 d5 3. Bb2 dxe4 4. Nc3 Nf6 5. Qe2 Bb4 6. O-O-O Qe7 7. Nxe4 Ba3 8.
Nf3 O-O 9. Nxf6+ Qxf6 10. Qe5 Bxb2+ 11. Qxb2 Qxb2+ 12. Kxb2 b6 13. g3 Bb7 14.
Bg2 Nd7 15. Rhe1 Rfd8 16. Nh4 Bxg2 17. Nxg2 Nf6 18. h3 Rd7 19. d3 Rad8 20. a4
1/2-1/2

[Event "Paul Keres mem. (43rd)"]
[Site "Richmond CAN"]
[Date "2018.05.21"]
[Round "6.7"]
[White "Kitsis, Stan"]
[Black "Sadoughian-Zadeh, Farshad"]
[Result "1-0"]
[WhiteElo "2197"]
[BlackElo "2090"]
[PlyCount "51"]
[EventDate "2018.05.19"]
[EventType "swiss"]
[EventRounds "6"]
[EventCountry "CAN"]

1. d4 Nf6 2. Bf4 g6 3. Nc3 Bg7 4. e4 d6 5. Qd2 O-O 6. O-O-O c6 7. f3 b5 8. g4
b4 9. Nce2 a5 10. Bh6 a4 11. Bxg7 Kxg7 12. Qxb4 Nfd7 13. h4 Na6 14. Qc3 Kg8 15.
Qxc6 Nb6 16. a3 Bd7 17. Qc3 Qb8 18. Nf4 Rc8 19. Qe3 Nc7 20. h5 Rf8 21. hxg6
fxg6 22. Nxg6 hxg6 23. Rh8+ Kxh8 24. Qh6+ Kg8 25. Qxg6+ Kh8 26. Rd2 1-0

[Event "Paul Keres mem. (43rd)"]
[Site "Richmond CAN"]
[Date "2018.05.21"]
[Round "6.8"]
[White "Pechisker, Alfred"]
[Black "Cheng, Louis"]
[Result "0-1"]
[WhiteElo "2239"]
[BlackElo "2112"]
[PlyCount "76"]
[EventDate "2018.05.19"]
[EventType "swiss"]
[EventRounds "6"]
[EventCountry "CAN"]

1. d4 Nf6 2. c4 e6 3. Nf3 b6 4. a3 Be7 5. Nc3 d5 6. Bf4 Bb7 7. e3 O-O 8. Rc1 c5
9. cxd5 Nxd5 10. Nxd5 exd5 11. Bd3 Nd7 12. O-O c4 13. Bb1 Re8 14. Re1 b5 15. g4
Nb6 16. g5 b4 17. Ne5 g6 18. Qf3 Rf8 19. axb4 Bxg5 20. Kh1 f6 21. Bxg5 fxe5 22.
Qg3 Qc7 23. h4 Rf7 24. dxe5 d4+ 25. Kh2 Rf3 26. Qg2 dxe3 27. fxe3 Raf8 28. Qg4
Rf2+ 29. Kg1 Qd7 30. Qxd7 Rg2+ 31. Kh1 Nxd7 32. e4 Rff2 33. e6 Ne5 34. Rc3 Rh2+
35. Kg1 Rfg2+ 36. Kf1 Rxb2 37. Be3 Nf3 38. Bg1 Nd2# 0-1

[Event "Paul Keres mem. (43rd)"]
[Site "Richmond CAN"]
[Date "2018.05.21"]
[Round "6.9"]
[White "Wu, Howard"]
[Black "Verdon, Norman"]
[Result "1-0"]
[WhiteElo "2172"]
[BlackElo "2082"]
[PlyCount "79"]
[EventDate "2018.05.19"]
[EventType "swiss"]
[EventRounds "6"]
[EventCountry "CAN"]

1. e4 e5 2. Nf3 Nf6 3. Nxe5 d6 4. Nf3 Nxe4 5. d4 Be7 6. Bd3 Nf6 7. O-O O-O 8.
h3 h6 9. c4 c5 10. Nc3 Nbd7 11. Bf4 Re8 12. Re1 Bf8 13. Rxe8 Nxe8 14. d5 g6 15.
Qe2 Ndf6 16. Re1 Bd7 17. Qe3 Kh7 18. Nd2 Nh5 19. Bh2 f5 20. Qf3 Qf6 21. g4 fxg4
22. hxg4 Nhg7 23. Qxf6 Nxf6 24. f3 Nge8 25. Nde4 Nxe4 26. Nxe4 Kg7 27. Bf4 Rd8
28. Kg2 g5 29. Bd2 Kf7 30. Ng3 Bg7 31. b3 Be5 32. Rh1 Bg7 33. Bf5 Bf8 34. f4
Nf6 35. fxg5 Nxg4 36. gxh6 Bxf5 37. Nxf5 Kg6 38. h7 Bg7 39. Nxg7 Rh8 40. Ne6
1-0

[Event "Paul Keres mem. (43rd)"]
[Site "Richmond CAN"]
[Date "2018.05.21"]
[Round "6.10"]
[White "Zhu, Brandon"]
[Black "Ferguson, Peter"]
[Result "0-1"]
[WhiteElo "2053"]
[BlackElo "1947"]
[PlyCount "58"]
[EventDate "2018.05.19"]
[EventType "swiss"]
[EventRounds "6"]
[EventCountry "CAN"]

1. e4 e5 2. Nf3 Nc6 3. Bb5 f5 4. Nc3 Nf6 5. d3 Bb4 6. Bg5 d6 7. O-O Bxc3 8.
bxc3 fxe4 9. dxe4 h6 10. Bh4 g5 11. Bg3 O-O 12. h4 Bg4 13. Qd3 Nh5 14. Nh2 Bd7
15. hxg5 Qxg5 16. Rae1 Nxg3 17. fxg3 Rxf1+ 18. Kxf1 Rf8+ 19. Ke2 Kg7 20. Kd1
Rf2 21. Re2 Bg4 22. Nxg4 Rf1+ 23. Re1 Qxg4+ 24. Kd2 Rf2+ 25. Kc1 Rxg2 26. Re3
Rg1+ 27. Kb2 Na5 28. Rf3 Qg5 29. Re3 a6 0-1

[Event "Perce-Neige"]
[Site "Montreal CAN"]
[Date "2018.04.07"]
[Round "2.2"]
[White "Sullivan, Neil"]
[Black "Lesage, Philippe"]
[Result "1-0"]
[WhiteElo "2097"]
[BlackElo "1779"]
[PlyCount "71"]
[EventDate "2018.04.07"]
[EventType "swiss"]
[EventRounds "4"]
[EventCountry "CAN"]

1. e4 c5 2. Nc3 g6 3. d3 Bg7 4. g3 Nc6 5. Bg2 d6 6. Be3 e6 7. Qd2 Nd4 8. Nge2
Ne7 9. O-O-O Qa5 10. Kb1 Nxe2 11. Nxe2 Qxd2 12. Rxd2 e5 13. c3 Be6 14. d4 cxd4
15. cxd4 O-O 16. f4 f6 17. h3 a6 18. g4 Rac8 19. f5 Bc4 20. Nc3 Rfd8 21. Rhd1
Nc6 22. Na4 Bf7 23. Nb6 Rb8 24. d5 Ne7 25. Rc2 Nc8 26. Nc4 b5 27. Na5 Ne7 28.
Rc7 Bf8 29. Rdc1 Rbc8 30. Bb6 Rxc7 31. Bxc7 Rd7 32. Bf1 Bh6 33. Rc2 Kg7 34. a4
bxa4 35. Bxa6 Be3 36. Bb5 1-0

[Event "Perce-Neige"]
[Site "Montreal CAN"]
[Date "2018.04.07"]
[Round "2.3"]
[White "Fumey, Enyonam"]
[Black "Zhong, Kevin"]
[Result "1/2-1/2"]
[WhiteElo "1800"]
[BlackElo "2055"]
[PlyCount "137"]
[EventDate "2018.04.07"]
[EventType "swiss"]
[EventRounds "4"]
[EventCountry "CAN"]

1. e4 c5 2. Nf3 Nc6 3. c3 d5 4. exd5 Qxd5 5. d4 Bg4 6. Be2 cxd4 7. h3 Bxf3 8.
Bxf3 Qe5+ 9. Qe2 Qxe2+ 10. Kxe2 dxc3 11. Bxc6+ bxc6 12. Nxc3 e6 13. Be3 Nf6 14.
Rac1 Kd7 15. Rhd1+ Nd5 16. Bd4 f6 17. Ne4 Be7 18. Nd2 e5 19. Bc5 Bxc5 20. Rxc5
Nf4+ 21. Kf3 Ne6 22. Nb3+ Kc7 23. Rc4 Rhd8 24. Rdc1 Rd6 25. Na5 Nd4+ 26. Ke4
Kb6 27. Ra4 Kb5 28. b3 Ne2 29. Rcc4 Rd4+ 30. Ke3 Rxc4 31. Nxc4 Nd4 32. f4 Nf5+
33. Kd3 Nh4 34. Kc3 a5 35. Nd6+ Kc5 36. fxe5 Nxg2 37. Ne4+ Kb5 38. exf6 gxf6
39. Nxf6 Rf8 40. Nxh7 Rf3+ 41. Kb2 Rxh3 42. Ng5 Rh4 43. Ne4 Kb6 44. Kc3 Nf4 45.
Rc4 Nd5+ 46. Kb2 Nb4 47. a3 Rh2+ 48. Kb1 Nd3 49. Rc2 Rh1+ 50. Ka2 Nc1+ 51. Kb2
Nd3+ 52. Ka2 Nc1+ 53. Kb2 Nd3+ 54. Ka2 Rh3 55. Nc3 Nc5 56. Kb2 Rh8 57. b4 axb4
58. axb4 Na6 59. Kb3 Rh4 60. Na2 Kb5 61. Nc3+ Kb6 62. Na2 Nc7 63. Rc4 Rh3+ 64.
Rc3 Rh1 65. Rc1 Rxc1 66. Nxc1 Kb5 67. Nd3 Nd5 68. Ne5 Nxb4 69. Nxc6 1/2-1/2

[Event "Perce-Neige"]
[Site "Montreal CAN"]
[Date "2018.04.07"]
[Round "2.4"]
[White "Abdelaal, Ibrahim"]
[Black "Craciun, David"]
[Result "0-1"]
[WhiteElo "1829"]
[BlackElo "1847"]
[PlyCount "106"]
[EventDate "2018.04.07"]
[EventType "swiss"]
[EventRounds "4"]
[EventCountry "CAN"]

1. e4 e5 2. Nf3 Nc6 3. Bc4 Bc5 4. b4 Bxb4 5. c3 Ba5 6. d4 exd4 7. O-O Nf6 8. e5
d5 9. exf6 dxc4 10. fxg7 Rg8 11. Re1+ Be6 12. Ng5 Qf6 13. Nxe6 fxe6 14. Qh5+
Kd7 15. Bh6 d3 16. Nd2 Qg6 17. Qxg6 hxg6 18. Ne4 Ke7 19. Ng5 Nd8 20. Re4 Bxc3
21. Rc1 d2 22. Rd1 b5 23. Nf3 Bxg7 24. Bxd2 Nc6 25. Bg5+ Bf6 26. Bf4 Rac8 27.
Rde1 Kf7 28. Rxe6 Nb4 29. Ng5+ Kg7 30. Be5 Rgf8 31. Rxf6 Rxf6 32. Ne4 Nd5 33.
g4 Kf7 34. Ng5+ Ke7 35. Bd4+ Kd7 36. Bxf6 Nxf6 37. Re6 c3 38. Re3 Nd5 39. Re2
Re8 40. Rc2 c5 41. Nf3 Nf4 42. Kf1 b4 43. h4 a5 44. Ng5 a4 45. Nh7 Nd5 46. h5
gxh5 47. gxh5 b3 48. axb3 axb3 49. Nf6+ Nxf6 50. Rxc3 Rb8 51. Rd3+ Kc6 52. Rd1
b2 53. Rb1 Ne4 0-1

[Event "Perce-Neige"]
[Site "Montreal CAN"]
[Date "2018.04.07"]
[Round "2.5"]
[White "Cote, Claude"]
[Black "Gauthier, Denis"]
[Result "0-1"]
[WhiteElo "1530"]
[BlackElo "1845"]
[PlyCount "74"]
[EventDate "2018.04.07"]
[EventType "swiss"]
[EventRounds "4"]
[EventCountry "CAN"]

1. e4 c5 2. Nc3 Nc6 3. g3 g6 4. Bg2 Bg7 5. d3 e6 6. f4 d6 7. Nf3 Nge7 8. Ne2
O-O 9. O-O Rb8 10. c3 Qc7 11. Bd2 b5 12. Rb1 b4 13. h3 Bd7 14. g4 f5 15. g5 a5
16. Qe1 c4 17. dxc4 fxe4 18. Nfd4 Nxd4 19. Nxd4 Qxc4 20. Qxe4 e5 21. Nf5 Qc5+
22. Ne3 Bf5 23. cxb4 Bxe4 24. bxc5 Bxb1 25. cxd6 Nf5 26. Bd5+ Kh8 27. Rxb1 Nxd6
28. fxe5 Bxe5 29. b3 Bd4 30. Kg2 Rbe8 31. Bxa5 Rxe3 32. Bb4 Re2+ 33. Kh1 Be5
34. Rd1 Rd8 35. Rf1 Nf5 36. Bg2 Ng3+ 37. Kg1 Bd4+ 0-1

[Event "Perce-Neige"]
[Site "Montreal CAN"]
[Date "2018.04.07"]
[Round "2.6"]
[White "Barre, Michel"]
[Black "Wang, Isabelle"]
[Result "1-0"]
[WhiteElo "1929"]
[BlackElo "1632"]
[PlyCount "101"]
[EventDate "2018.04.07"]
[EventType "swiss"]
[EventRounds "4"]
[EventCountry "CAN"]

1. d4 d5 2. Bf4 e6 3. Nf3 Nf6 4. e3 Be7 5. Nbd2 O-O 6. Bd3 b6 7. Ne5 Bb7 8. Qf3
c5 9. c3 Nc6 10. h4 Nxe5 11. dxe5 Ne4 12. Nxe4 dxe4 13. Bxe4 Bxe4 14. Qxe4 Qc7
15. O-O-O Rad8 16. h5 c4 17. Rd4 b5 18. Rhd1 Bc5 19. Bg5 Bxd4 20. exd4 Rb8 21.
Qg4 Kh8 22. Re1 b4 23. Bd2 bxc3 24. Bxc3 h6 25. Re3 Qe7 26. f4 Rbd8 27. a3 Qd7
28. Qe2 Qd5 29. Rf3 g6 30. Rh3 Kg7 31. Qg4 Qe4 32. Qh4 Rh8 33. Qf6+ Kg8 34.
Qxd8+ Kh7 35. Qf6 Kg8 36. Rg3 Qf5 37. Qxf5 exf5 38. hxg6 fxg6 39. Rxg6+ Kf7 40.
Ra6 h5 41. d5 Rg8 42. Rxa7+ Kg6 43. e6 Re8 44. Rg7+ Kh6 45. Kd2 h4 46. e7 Rc8
47. d6 h3 48. gxh3 Rc5 49. e8=Q Rd5+ 50. Ke2 Rxd6 51. Qh8# 1-0

[Event "Perce-Neige"]
[Site "Montreal CAN"]
[Date "2018.04.08"]
[Round "3.2"]
[White "Craciun, David"]
[Black "Sullivan, Neil"]
[Result "1-0"]
[WhiteElo "1847"]
[BlackElo "2097"]
[PlyCount "41"]
[EventDate "2018.04.07"]
[EventType "swiss"]
[EventRounds "4"]
[EventCountry "CAN"]

1. d4 d5 2. Bf4 e6 3. c4 Bd6 4. Bg3 Nf6 5. Nf3 O-O 6. e3 a6 7. Nc3 dxc4 8. Bxc4
b5 9. Bd3 Bb7 10. e4 b4 11. e5 bxc3 12. bxc3 Be7 13. exf6 Bxf6 14. Bxh7+ Kxh7
15. Qb1+ Kg8 16. Qxb7 Nd7 17. Qxc7 Rc8 18. Qxd8 Rfxd8 19. Rc1 Nb6 20. Bf4 Na4
21. Kd2 1-0

[Event "Perce-Neige"]
[Site "Montreal CAN"]
[Date "2018.04.08"]
[Round "3.3"]
[White "Zhong, Kevin"]
[Black "Baran, Marius"]
[Result "1-0"]
[WhiteElo "2055"]
[BlackElo "1851"]
[PlyCount "63"]
[EventDate "2018.04.07"]
[EventType "swiss"]
[EventRounds "4"]
[EventCountry "CAN"]

1. e4 c5 2. Ne2 e6 3. d4 cxd4 4. Nxd4 a6 5. Nc3 Qc7 6. Be2 Nf6 7. O-O Nc6 8.
Be3 Be7 9. f4 d6 10. Qe1 O-O 11. Qg3 Rd8 12. Kh1 Kh8 13. Nxc6 bxc6 14. e5 Ne8
15. Ne4 h6 16. exd6 Nxd6 17. Nxd6 Bxd6 18. Bd4 Bf8 19. Be5 Qe7 20. Bd3 Bb7 21.
Rae1 Rd7 22. f5 Qg5 23. Qh3 Bd6 24. fxe6 fxe6 25. Qxe6 c5 26. Bg3 Rdd8 27. Rf3
Qd2 28. Rf2 Qg5 29. Bxd6 Bd5 30. Qe5 c4 31. Bf1 Qh4 32. Qg3 1-0

[Event "Perce-Neige"]
[Site "Montreal CAN"]
[Date "2018.04.08"]
[Round "3.4"]
[White "Lafleche, Alain"]
[Black "Barre, Michel"]
[Result "1-0"]
[WhiteElo "1637"]
[BlackElo "1929"]
[PlyCount "61"]
[EventDate "2018.04.07"]
[EventType "swiss"]
[EventRounds "4"]
[EventCountry "CAN"]

1. e4 d5 2. exd5 Nf6 3. Nc3 Bg4 4. Be2 Bf5 5. Nf3 Nxd5 6. Nxd5 Qxd5 7. d4 Nc6
8. O-O O-O-O 9. c4 Qd6 10. Qa4 Kb8 11. Be3 e6 12. a3 a6 13. b4 f6 14. b5 Na7
15. c5 Qd7 16. c6 axb5 17. Qxa7+ Kxa7 18. cxd7 c6 19. d5+ Kb8 20. dxe6 Bxe6 21.
Bf4+ Ka7 22. Rfd1 Bc5 23. Bd6 Kb6 24. Rac1 Bxd6 25. Rxd6 Bd5 26. Nd4 Bc4 27.
Bxc4 Kc5 28. Nf5 bxc4 29. Rd4 b5 30. Rcd1 Kb6 31. Nxg7 1-0

[Event "Perce-Neige"]
[Site "Montreal CAN"]
[Date "2018.04.08"]
[Round "3.5"]
[White "Lesage, Philippe"]
[Black "Fumey, Enyonam"]
[Result "1-0"]
[WhiteElo "1779"]
[BlackElo "1800"]
[PlyCount "39"]
[EventDate "2018.04.07"]
[EventType "swiss"]
[EventRounds "4"]
[EventCountry "CAN"]

1. c4 d5 2. cxd5 Nf6 3. Nc3 Nxd5 4. Nf3 Bf5 5. Qb3 Nb6 6. g3 Nc6 7. Bg2 e5 8.
Nxe5 Nxe5 9. Qb5+ c6 10. Qxe5+ Be6 11. d3 Nd7 12. Qf4 Be7 13. O-O g5 14. Qd4
Bf6 15. Qb4 Qc7 16. Ne4 Be7 17. Qc3 Rg8 18. Be3 b6 19. Nd2 h5 20. Qxc6 1-0

[Event "Perce-Neige"]
[Site "Montreal CAN"]
[Date "2018.04.08"]
[Round "3.6"]
[White "Wang, Isabelle"]
[Black "Cote, Claude"]
[Result "0-1"]
[WhiteElo "1632"]
[BlackElo "1530"]
[PlyCount "82"]
[EventDate "2018.04.07"]
[EventType "swiss"]
[EventRounds "4"]
[EventCountry "CAN"]

1. e4 b6 2. d4 Bb7 3. Nc3 e6 4. Nf3 Bb4 5. Bd3 Nf6 6. Qe2 d5 7. e5 Ne4 8. Bd2
Nxd2 9. Nxd2 Nc6 10. Nb3 Be7 11. O-O Nb4 12. Nd1 a5 13. c3 Nxd3 14. Qxd3 Ba6
15. Qg3 Bxf1 16. Qxg7 Kd7 17. Kxf1 Qg8 18. Qh6 Bg5 19. Qh3 Qg6 20. Ne3 Qd3+ 21.
Kg1 Bxe3 22. Qxe3 Qxe3 23. fxe3 Rhg8 24. Rf1 Ke7 25. Nd2 Rg4 26. b3 Rag8 27.
Rf2 h5 28. Re2 h4 29. c4 c6 30. a3 h3 31. g3 Rc8 32. b4 axb4 33. axb4 Ra8 34.
cxd5 cxd5 35. Nb1 Rc8 36. Kf2 Rc1 37. Rb2 Rg5 38. Na3 f5 39. Ke2 Rg1 40. Kf3
Rg8 41. Nc2 Rg2 0-1

[Event "Perce-Neige"]
[Site "Montreal CAN"]
[Date "2018.04.08"]
[Round "4.1"]
[White "Craciun, David"]
[Black "Forget, Luc"]
[Result "0-1"]
[WhiteElo "1847"]
[BlackElo "1896"]
[PlyCount "40"]
[EventDate "2018.04.07"]
[EventType "swiss"]
[EventRounds "4"]
[EventCountry "CAN"]

1. d4 Nf6 2. Bf4 d5 3. c4 dxc4 4. Nc3 Nd5 5. Nxd5 Qxd5 6. Bxc7 e5 7. e3 Bb4+ 8.
Ke2 exd4 9. Qxd4 Qxd4 10. exd4 Nc6 11. Nf3 Bg4 12. Rd1 O-O 13. Bf4 Rfe8+ 14.
Be3 Rad8 15. a3 Ba5 16. d5 Ne5 17. h3 Nd3 18. g3 Bh5 19. Bg2 Nxb2 20. Rb1 c3
0-1

[Event "Perce-Neige"]
[Site "Montreal CAN"]
[Date "2018.04.08"]
[Round "4.2"]
[White "Lafleche, Alain"]
[Black "Zhong, Kevin"]
[Result "0-1"]
[WhiteElo "1637"]
[BlackElo "2055"]
[PlyCount "58"]
[EventDate "2018.04.07"]
[EventType "swiss"]
[EventRounds "4"]
[EventCountry "CAN"]

1. e4 c5 2. Nf3 Nc6 3. d4 cxd4 4. Nxd4 Nf6 5. Nc3 d6 6. f3 e5 7. Nb3 Be7 8. Be3
O-O 9. Qd2 a5 10. a4 Be6 11. Nd5 Bxd5 12. exd5 Nb4 13. c4 b6 14. Be2 Nd7 15.
O-O f5 16. f4 Nc5 17. Bxc5 bxc5 18. fxe5 dxe5 19. Rac1 Bg5 20. Qe1 Bxc1 21.
Nxc1 e4 22. Qf2 Qb6 23. Qf4 Nc2 24. Qe5 Nd4 25. d6 Rad8 26. Qd5+ Kh8 27. d7 Qc7
28. Bd1 Rxd7 29. Rxf5 Nxf5 0-1

[Event "Perce-Neige"]
[Site "Montreal CAN"]
[Date "2018.04.08"]
[Round "4.3"]
[White "Cote, Claude"]
[Black "Lesage, Philippe"]
[Result "1/2-1/2"]
[WhiteElo "1530"]
[BlackElo "1779"]
[PlyCount "56"]
[EventDate "2018.04.07"]
[EventType "swiss"]
[EventRounds "4"]
[EventCountry "CAN"]

1. e4 c5 2. Nc3 g6 3. g3 Bg7 4. Bg2 Nc6 5. d3 d6 6. Nd5 e6 7. Ne3 Nge7 8. f4
O-O 9. Ne2 Rb8 10. O-O Qc7 11. a3 b5 12. Rb1 a5 13. b3 Bd7 14. Bb2 Nd4 15. c3
Nxe2+ 16. Qxe2 Qb6 17. Rf2 b4 18. Nc4 Qc7 19. cxb4 Bxb2 20. Qxb2 cxb4 21. a4
Rbc8 22. h4 f6 23. Qd4 d5 24. exd5 Nf5 25. Qb6 Qxb6 26. Nxb6 Rcd8 27. Nxd7 Rxd7
28. Kh2 exd5 1/2-1/2